Périodes de l'Egypte antique - Statistiques

Statistiques générales
  • Ce quiz a été pris 19 fois
  • Le résultat moyen est 6 sur 11
Statistiques - réponses
Hint Réponse % Correct
Vers -2750 à environ -2181 Ancien Empire
93%
Vers -2033 à environ -1786 Moyen Empire
93%
Vers -1550 à -1069 Nouvel Empire
86%
Vers -5500 à environ -3150 Prédynastique
57%
-30 à 641 Romaine
57%
Vers -2181 à environ -2033 Ier période intermédiaire
50%
Vers -1786 à environ -1550 IIe période intermédiaire
50%
-1069 à environ -750 IIIe période intermédiaire
50%
-332 à -30 Lagide
50%
Vers -750 à -332 Basse-Epoque
29%
Vers -3150 à environ -2750 Thinite
21%
Aucun quiz correspondant
Distribution des résultats
% des personnes avec chaque résultat
Percentile par nombre de réponses
Votre historique - résultats
Vous n’avez pas pris ce quiz